000 00404nam a2200157Ia 4500
008 210716s2003 xx 000 0 und d
020 _a1555582761
041 _aeng
082 _a005.43 BOUP
100 _aBourne, Philip; Holstein, Richard; Mcmullen, Joseph.
245 _aUnix for open vms users.
250 _a3
260 _aBoston
_bDigital Press
_c2003
300 _axviii,562
650 _aUnix
999 _c189437
_d189437